<?xml version="1.0" encoding="UTF-8"?><?xml-stylesheet type="text/xsl" href="static/style.xsl"?><OAI-PMH xmlns="http://www.openarchives.org/OAI/2.0/" xmlns:xsi="http://www.w3.org/2001/XMLSchema-instance" xsi:schemaLocation="http://www.openarchives.org/OAI/2.0/ http://www.openarchives.org/OAI/2.0/OAI-PMH.xsd"><responseDate>2026-04-17T04:30:42Z</responseDate><request verb="GetRecord" identifier="oai:www.recercat.cat:11351/12316" metadataPrefix="marc">https://recercat.cat/oai/request</request><GetRecord><record><header><identifier>oai:recercat.cat:11351/12316</identifier><datestamp>2025-10-24T10:24:07Z</datestamp><setSpec>com_2072_378070</setSpec><setSpec>com_2072_378040</setSpec><setSpec>col_2072_378092</setSpec></header><metadata><record xmlns="http://www.loc.gov/MARC21/slim" xmlns:dcterms="http://purl.org/dc/terms/" xmlns:xsi="http://www.w3.org/2001/XMLSchema-instance" xmlns:doc="http://www.lyncode.com/xoai" xsi:schemaLocation="http://www.loc.gov/MARC21/slim http://www.loc.gov/standards/marcxml/schema/MARC21slim.xsd">
   <leader>00925njm 22002777a 4500</leader>
   <datafield ind2=" " ind1=" " tag="042">
      <subfield code="a">dc</subfield>
   </datafield>
   <datafield ind2=" " ind1=" " tag="720">
      <subfield code="a">San-Martín-Roldán, David</subfield>
      <subfield code="e">author</subfield>
   </datafield>
   <datafield ind2=" " ind1=" " tag="720">
      <subfield code="a">González-Marrón, Adrián</subfield>
      <subfield code="e">author</subfield>
   </datafield>
   <datafield ind2=" " ind1=" " tag="720">
      <subfield code="a">de Paz-Cantos, Sonia</subfield>
      <subfield code="e">author</subfield>
   </datafield>
   <datafield ind2=" " ind1=" " tag="720">
      <subfield code="a">Lidón-Moyano, Cristina</subfield>
      <subfield code="e">author</subfield>
   </datafield>
   <datafield ind2=" " ind1=" " tag="720">
      <subfield code="a">Díez-Izquierdo, Ana</subfield>
      <subfield code="e">author</subfield>
   </datafield>
   <datafield ind2=" " ind1=" " tag="720">
      <subfield code="a">Martínez-Sánchez, Jose M</subfield>
      <subfield code="e">author</subfield>
   </datafield>
   <datafield ind2=" " ind1=" " tag="260">
      <subfield code="c">2024-12-10T10:20:19Z</subfield>
   </datafield>
   <datafield ind2=" " ind1=" " tag="260">
      <subfield code="c">2024-12-10T10:20:19Z</subfield>
   </datafield>
   <datafield ind2=" " ind1=" " tag="260">
      <subfield code="c">2024-10-25</subfield>
   </datafield>
   <datafield ind2=" " ind1=" " tag="520">
      <subfield code="a">Norms; Mobile devices; Children</subfield>
   </datafield>
   <datafield ind2=" " ind1=" " tag="520">
      <subfield code="a">Normes; Dispositius mòbils; Nens</subfield>
   </datafield>
   <datafield ind2=" " ind1=" " tag="520">
      <subfield code="a">Normas; Dispositivos móviles; Niños</subfield>
   </datafield>
   <datafield ind2=" " ind1=" " tag="520">
      <subfield code="a">Objective: to describe the norms and perceptions of a sample of Spanish parents and guardians on the use of mobile devices (smartphone and/or tablet) by their children and their association with such use.&#xd;
Method: a quantitative, analytical, cross-sectional, online, exploratory study was conducted with a non-probability sample of parents or guardians of children using smartphones or tablets. The virtual questionnaire consisted of 44 questions and was available at https://www.kenkolab.org/participa/ .&#xd;
Results: the total number of participants (parents or guardians) was 183 people. It was observed that 26.2% of parents admitted that their children had free and unrestricted access to smartphones or tablets. Associations were identified between time spent using mobile devices and parental attitudes, such as permission without time limitation and use as a reward or punishment. Approximately half of the respondents believe that their children use the mobile device longer than recommended.&#xd;
Conclusion: most parents exercise some control over their children’s use of devices. Acting on parental norms and perceptions is vital to success in addressing children’s time spent on mobile devices. Community nursing could be a vehicle for education in healthy screen consumption habits in early childhood.</subfield>
   </datafield>
   <datafield ind2=" " ind1=" " tag="520">
      <subfield code="a">Objetivo: describir las normas y percepciones de una muestra de padres y tutores españoles sobre el uso de dispositivos móviles ( smartphones y/o tablets ) por parte de sus hijos y su asociación con este uso.&#xd;
Método: estudio cuantitativo, analítico, transversal, online y exploratorio con una muestra no probabilística de padres o tutores de niños que utilizan smartphones o tablets . El cuestionario virtual constaba de 44 preguntas y se encontraba disponible en https://www.kenkolab.org/participa/ .&#xd;
Resultados: el número total de participantes (padres o tutores) fue de 183 personas. Se observó que el 26,2% de los padres admitieron que sus hijos tenían acceso gratuito y sin restricciones a smartphones o tablets . Se identificaron asociaciones entre el tiempo dedicado al uso de dispositivos móviles y las actitudes de los padres, como el permiso sin limitaciones de tiempo y el uso como recompensa o castigo. Aproximadamente la mitad de los encuestados considera que sus hijos utilizan su dispositivo móvil por más tiempo que el recomendado.&#xd;
Conclusión: la mayoría de los padres ejercen cierto control sobre el uso de dispositivos de sus hijos. Actuar según las normas y percepciones de los padres es vital para abordar con éxito el tiempo que los niños pasan en los dispositivos móviles. La enfermería comunitaria puede ser un medio para la educación sobre hábitos saludables de consumo de pantallas en la primera infancia.</subfield>
   </datafield>
   <datafield ind1="8" ind2=" " tag="024">
      <subfield code="a">http://hdl.handle.net/11351/12316</subfield>
   </datafield>
   <datafield tag="653" ind2=" " ind1=" ">
      <subfield code="a">Telèfons intel·ligents</subfield>
   </datafield>
   <datafield tag="653" ind2=" " ind1=" ">
      <subfield code="a">Infants</subfield>
   </datafield>
   <datafield tag="653" ind2=" " ind1=" ">
      <subfield code="a">Pares - Psicologia</subfield>
   </datafield>
   <datafield tag="653" ind2=" " ind1=" ">
      <subfield code="a">INFORMATION SCIENCE::Information Science::Computing Methodologies::Computer Systems::Computers::Microcomputers::Computers, Handheld::Smartphone</subfield>
   </datafield>
   <datafield tag="653" ind2=" " ind1=" ">
      <subfield code="a">PSYCHIATRY AND PSYCHOLOGY::Behavior and Behavior Mechanisms::Psychology, Social::Family::Nuclear Family::Parents</subfield>
   </datafield>
   <datafield tag="653" ind2=" " ind1=" ">
      <subfield code="a">NAMED GROUPS::Persons::Age Groups::Child::Child, Preschool</subfield>
   </datafield>
   <datafield tag="653" ind2=" " ind1=" ">
      <subfield code="a">PSYCHIATRY AND PSYCHOLOGY::Behavior and Behavior Mechanisms::Behavior</subfield>
   </datafield>
   <datafield tag="653" ind2=" " ind1=" ">
      <subfield code="a">CIENCIA DE LA INFORMACIÓN::Ciencias de la información::metodologías computacionales::sistemas informáticos::ordenadores::microordenadores::ordenadores de bolsillo::teléfono inteligente</subfield>
   </datafield>
   <datafield tag="653" ind2=" " ind1=" ">
      <subfield code="a">PSIQUIATRÍA Y PSICOLOGÍA::conducta y mecanismos de la conducta::psicología social::familia::familia nuclear::padres</subfield>
   </datafield>
   <datafield tag="653" ind2=" " ind1=" ">
      <subfield code="a">DENOMINACIONES DE GRUPOS::personas::Grupos de Edad::niño::niño preescolar</subfield>
   </datafield>
   <datafield tag="653" ind2=" " ind1=" ">
      <subfield code="a">PSIQUIATRÍA Y PSICOLOGÍA::conducta y mecanismos de la conducta::conducta</subfield>
   </datafield>
   <datafield ind2="0" ind1="0" tag="245">
      <subfield code="a">Parental norms and perceptions regarding use of mobile devices by children under five years</subfield>
   </datafield>
</record></metadata></record></GetRecord></OAI-PMH>